000 00212 a2200097 4500
245 _a90Robert Mugabe
_hText
020 _a9780797458024
100 _aNational Gallery of zimbabwe
005 20191017173658.0
260 _c2014
084 _aNONE
999 _c10586
_d10586